00332nam a2200121Ia 4500008004100000020001500041041001200056100001700068245006800085260003300153300000800186650001600194221030s9999 xx 000 0 und d a8126519842 aEnglish aR. K. Maurya 0aComputer Graphics with Virtual Reality Systemscby R. K. Maurya bWiley IndiaaNew Delhic2013 a486 aBE Computer